A dictionary of Pharaonic medicine. (Record no. 51117)

MARC details
000 -LEADER
fixed length control field 00706cam a22002531 4500
001 - CONTROL NUMBER
control field ne 68004678
003 - CONTROL NUMBER IDENTIFIER
control field DLC
005 - DATE AND TIME OF LATEST TRANSACTION
control field 20260227111851.0
008 - FIXED-LENGTH DATA ELEMENTS--GENERAL INFORMATION
fixed length control field 710901s1967 ua abch d 00000 eng
010 ## - LIBRARY OF CONGRESS CONTROL NUMBER
LC control number ne 68004678
025 ## - OVERSEAS ACQUISITION NUMBER
Overseas acquisition number PL480:UAR-9174
041 0# - LANGUAGE CODE
Language code of text/sound track or separate title engegy
043 ## - GEOGRAPHIC AREA CODE
Geographic area code f-ua---
050 0# - LIBRARY OF CONGRESS CALL NUMBER
Classification number R127.3
Item number .K3
082 ## - DEWEY DECIMAL CLASSIFICATION NUMBER
Classification number 610/.932
100 10 - MAIN ENTRY--PERSONAL NAME
Personal name Kamal, Hassan.
245 12 - TITLE STATEMENT
Title A dictionary of Pharaonic medicine.
250 ## - EDITION STATEMENT
Edition statement 1st ed.
260 0# - PUBLICATION, DISTRIBUTION, ETC.
Place of publication, distribution, etc. [Cairo]
Name of publisher, distributor, etc. National Publication House
Date of publication, distribution, etc. [1967]
300 ## - PHYSICAL DESCRIPTION
Extent 509 p.
Other physical details illus., facsim., map, ports.
Dimensions 25 cm.
350 ## - PRICE (NR) (BK AM CF MU VM SE) [OBSOLETE]
Price 2.50
500 ## - GENERAL NOTE
General note Arranged alphabetically under English medical terms.
650 #0 - SUBJECT ADDED ENTRY--TOPICAL TERM
Topical term or geographic name entry element Medicine, Egyptian
General subdivision Dictionaries.

No items available.

Powered by Koha